000 00558nam a2200193 a 4500
005 20230610063741.0
008 991125s1992 mx 000 0 spa u
020 _a9682941725
035 _aUPN01000015029
049 _aI
050 4 _aPZ78
_bB3.8
100 1 _aBayona, Pedro,
_d1937-
_935350
245 1 0 _aDibújalos con cuadrados /
_cPedro y Homero Bayona.
260 _aMéxico :
_bSEP :
_bSITESA,
_c1992.
300 _a47 p. :
_bil.
650 4 _aDibujo
_xEstudio y enseñanza (Elemental)
_93085
700 1 _aBayona, Homero,
_ecoaut.
905 _aInfantil
999 _c15029
_d15029